000
00274nam a2200109Ia 4500
008
200302s9999 xx 000 0 und d
100
_a
B. C. Punmia & Others
245
_a
Water Supply Engineering
260
_b
Laxmi publications (P) Ltd.
260
_c
1999
300
_a
584 P.,
999
_c
1107
_d
1107